Marcatori della Juventus in UEFA Champions League 2012-2013 - Statistics

Statistiche generali
  • Questo quiz è stato fatto 26 volte
  • Il punteggio medio è 13 su 16
Statistiche sulle risposte
Partita Minuto Marcatore % Corretto
Chelsea - Juventus 2-2 38' Arturo Vidal
96%
Juventus - Nordsjælland 4-0 23' Arturo Vidal
96%
Juventus - Chelsea 3-0 61' Arturo Vidal
96%
Chelsea - Juventus 2-2 81' Fabio Quagliarella
96%
Juventus - Nordsjælland 4-0 75' Fabio Quagliarella
96%
Juventus - Chelsea 3-0 38' Fabio Quagliarella
96%
Juventus - Celtic 2-0 65' Fabio Quagliarella
96%
Juventus - Nordsjælland 4-0 7' Claudio Marchisio
91%
Celtic - Juventus 0-3 77' Claudio Marchisio
87%
Celtic - Juventus 0-3 3' Alessandro Matri
74%
Juventus - Celtic 2-0 24' Alessandro Matri
74%
Juventus - Šachtar Donec'k 1-1 25' Leonardo Bonucci
74%
Nordsjælland - Juventus 1-1 81' Mirko Vučinić
74%
Celtic - Juventus 0-3 84' Mirko Vučinić
74%
Juventus - Nordsjælland 4-0 37' Sebastian Giovinco
65%
Juventus - Chelsea 3-0 91' Sebastian Giovinco
65%
Nessun quiz corrispondente trovato
Distribuzione punteggi
Percentuale di utenti per punteggio
Percentile per numero di risposta
I tuoi punteggi nel tempo
Non hai fatto questo quiz